| 000 | 00507nam a2200193Ia 4500 | ||
|---|---|---|---|
| 005 | 20260429112224.0 | ||
| 008 | 260429s9999||||xx |||||||||||||| ||und|| | ||
| 020 | _a9788119684250 | ||
| 041 | _aEnglish | ||
| 082 |
_a616.9041 _bBAL |
||
| 100 | _aBalwan, Wahied Khawar | ||
| 245 | 0 |
_aMedical microbiology / _cWahied Khawar Balwan |
|
| 260 |
_aJaipur : _bBook Enclave, _c2025. |
||
| 300 | _ax, 249 p.; hb | ||
| 650 | _a Diseases | ||
| 650 | _a Medical microbiology | ||
| 650 | _aMedicine | ||
| 942 | _cTB | ||
| 999 |
_c52972 _d52972 |
||